000 00917nam a2200265Ia 4500
003 OSt
005 20221005105433.0
006 a|||||r|||| 00| 0
007 ta
008 221004b |||||||| |||| 00| 0 hin d
020 _a9789383111930 (hbk)
_c200
024 _a25161
037 _b18, 17/03/2016, P. K. Books
_cTextual
040 _aCRL
_cCRL
_bhin
041 _2hin
_ahin
082 _aV2:51y7N07, 152Q5
100 _aशर्मा, महेश
245 0 _aअमर शहीद भगतसिंह
246 _aAmar shahīd bhagatasianha
260 _aनई दिल्ली
_bप्रतिभा प्रतिष्ठान भारत
_c2015
300 _a143पृ0
_ccm.
650 _aविश्व-इतिहास
942 _hV2:51y7N07, 152Q5
_cTEXL
_2cc
999 _c1015807
_d1015807